| 000 | 00962cam a22002175a 4500 | ||
|---|---|---|---|
| 001 | L155858 | ||
| 008 | 120418s1840 xxk f 000 0 eng d | ||
| 035 | _a(Sirsi) u155858 | ||
| 041 | 0 | _aeng | |
| 100 | 1 | _aBayldon, J. S. | |
| 245 | 0 | 0 |
_aBayldon's art of valuing rents and tillages, and the tenant's right on entering and quitting farms _bexplained by several specimens of valuations, and remarks on the cultivation pursued on soils in different situations : adapted to the use of landlords, land-agents, appraisers, farmers, and tenants |
| 250 |
_a5th ed. _brewritten and enlarged by John Donaldson |
||
| 260 |
_aLondon _bPrinted for Longman, Orme, Brown, Green, and Longmans _c1840 |
||
| 300 |
_aviii, 328 p., [1] leaf of plates _bill. _c23 cm. |
||
| 583 |
_aCondition reviewed _c20120620 _lcondition level 1 |
||
| 651 | 4 |
_aGreat Britain _y1707- |
|
| 690 |
_aRural _96268 |
||
| 690 |
_aLandlord and tenant _96252 |
||
| 700 | 1 | _aDonaldson, John | |
| 942 | _n0 | ||
| 999 |
_c113878 _d113878 |
||